Oldest Cities - Sudden Death - Statistics

General Stats
  • This quiz has been taken 90 times
    89 since last reset
  • The average score is 3 of 20
Answers on the Grid
Answers color-coded by a green-red scale on the quiz's grid according to % correct below.
Aksum
Alexandria
Ankara
Baghdad
Beijing
Beirut
Benghazi
Cadiz
Cairo
Cholula
Chongqing
Colombo
Cusco
Delhi
Dublin
Florence
Gao
Hanoi
Istanbul
Kabul
Lahore
Lhasa
Lisbon
London
Malacca
Marseille
Jerusalem
Mexico City
Nuku'alofa
Paris
Phnom Penh
Santa Fe
Seoul
Sofia
Tbilisi
Tehran
Timbuktu
Tokyo
Venice
Yerevan
 
Answer Stats
Answer % Correct
3000 BC Jerusalem
52%
331 BC Alexandria
39%
400 BC Aksum
26%
3000 BC Beirut
26%
600 BC Marseille
22%
8th century BC Sofia
22%
1045 BC Beijing
17%
1104 BC Cadiz
17%
1200 BC Lisbon
17%
before 1200 BC Ankara
13%
316 BC Chongqing
13%
657 BC Istanbul
13%
782 BC Yerevan
13%
435 BC Benghazi
9%
59 BC Florence
9%
250 BC Paris
9%
18 BC Seoul
9%
500 BC Cholula
4%
600 BC Delhi
4%
1500 BC Kabul
4%
No matching quizzes found
Score Distribution
Percent of People with Each Score
Percentile by Number Answered
Your Score History
You have not taken this quiz since the last reset